000 00576nam a2200193Ia 4500
005 20250508152444.0
008 008 250505s9999 xx 000 0 eng d
037 _aTextual
040 _aFEDL
_beng
_cFEDL
041 _aeng
_2eng
084 _a181.4, BON
_qFEDL
100 _aBondurant Joan V.
245 0 _aConquest of violence : The Gandhian philosophy of conflict
260 _aBombay, India
_bOxford University Press
_c1959
300 _axiv,264p.
650 _aOriental Philosophy
_9755543
942 _cTEXL
_h181.4, BON
999 _c1336526
_d1336526